Formas de los países más poblados - Estadísticas

Estadísticas generales
  • Esta prueba ha sido intentada 3.200 veces
  • La puntuación promedio es 17 de 20
Estadísticas de respuestas
Imagen Respuesta % Correcto
Estados Unidos
99%
Japón
98%
China
96%
México
95%
Egipto
94%
India
94%
Rusia
92%
Indonesia
89%
Brasil
88%
Vietnam
86%
Alemania
85%
Tailandia
85%
Turquía
85%
Filipinas
84%
Irán
76%
Pakistán
74%
Etiopía
68%
R.D. Congo
68%
Bangladés
66%
Nigeria
58%
No se encontraron pruebas coincidentes
Distribución de puntuación
Porcentaje de gente con cada puntuación
Porcentaje por número respondido
Historial de tus puntuaciones
No has intentado esta prueba.